书目信息 |
| 题名: |
弥勒百态
|
|
| 作者: | 曲利明 主编 | |
| 分册: | ||
| 出版信息: | 福州 海峡书局 2012.01 |
|
| 页数: | 121页 | |
| 开本: | 24cm | |
| 丛书名: | 传统人物雕刻实用丛书 | |
| 单 册: | ||
| 中图分类: | J321 | |
| 科图分类: | ||
| 主题词: | 佛像--fo xiang--雕刻--作品集--中国 | |
| 电子资源: | ||
| ISBN: | 978-7-80691-731-2 | |
| 000 | 00837nam 2200241 450 | |
| 001 | 2385659471 | |
| 005 | 20231126234750.48 | |
| 010 | @a978-7-80691-731-2@dCNY45.00 | |
| 100 | @a20120903d2012 em y0chiy50 ea | |
| 101 | 0 | @achi |
| 102 | @aCN@b350000 | |
| 105 | @aa z 000yy | |
| 200 | 1 | @a弥勒百态@Ami le bai tai@f主编曲利明 |
| 210 | @a福州@c海峡书局@d2012.01 | |
| 215 | @a121页@c彩图@d24cm | |
| 225 | 1 | @a传统人物雕刻实用丛书@Achuan tong ren wu diao ke shi yong cong shu |
| 330 | @a本书精选百余件中国雕刻名家多年创作的、造型各异、材质不同的弥勒作品, 以图文并茂的形式解析了各种弥勒雕件, 展示了名家的雕刻技艺和刀法。 | |
| 410 | 0 | @12001 @a传统人物雕刻实用丛书 |
| 606 | 0 | @a佛像@Afo xiang@x雕刻@x作品集@y中国 |
| 690 | @aJ321@v5 | |
| 701 | 0 | @a曲利明@Aqu li ming@4主编 |
| 801 | 0 | @aCN@bRENTIAN@c20120903 |
| 905 | @aBZT@dJ321@e7 | |
| 弥勒百态/主编曲利明.-福州:海峡书局,2012.01 |
| 121页:彩图;24cm.-(传统人物雕刻实用丛书) |
| ISBN 978-7-80691-731-2:CNY45.00 |
| 本书精选百余件中国雕刻名家多年创作的、造型各异、材质不同的弥勒作品, 以图文并茂的形式解析了各种弥勒雕件, 展示了名家的雕刻技艺和刀法。 |
| ● |
| 相关链接 |
|
|
|
正题名:弥勒百态
索取号:J321/7
 
预约/预借
| 序号 | 登录号 | 条形码 | 馆藏地/架位号 | 状态 | 备注 |
| 1 | 2001124164 | 2001124164 | 东辅楼二楼书库/ [索取号:J321/7] | 在馆 | |
| 2 | 2001124165 | 2001124165 | 东辅楼二楼书库/ [索取号:J321/7] | 在馆 | |
| 3 | 2001124166 | 2001124166 | 东辅楼二楼书库/ [索取号:J321/7] | 在馆 | |
| 4 | 2001124167 | 2001124167 | 东辅楼二楼书库/ [索取号:J321/7] | 在馆 | |
| 5 | 2001124168 | 2001124168 | 东辅楼二楼书库/ [索取号:J321/7] | 在馆 | |
| 6 | 2001124169 | 2001124169 | 东辅楼二楼书库/ [索取号:J321/7] | 在馆 | |
| 7 | 2001124170 | 2001124170 | 东辅楼二楼书库/ [索取号:J321/7] | 在馆 | |
| 8 | 2001124171 | 2001124171 | 东辅楼二楼书库/ [索取号:J321/7] | 在馆 | |
| 9 | 2001124172 | 2001124172 | 东辅楼二楼书库/ [索取号:J321/7] | 在馆 | |
| 10 | 2001124173 | 2001124173 | 东辅楼二楼书库/ [索取号:J321/7] | 在馆 | |
| 11 | 2001124174 | 2001124174 | 东辅楼二楼书库/ [索取号:J321/7] | 在馆 | |
| 12 | 2001124175 | 2001124175 | 东辅楼二楼书库/ [索取号:J321/7] | 在馆 | |
| 13 | 2001124176 | 2001124176 | 东辅楼二楼书库/ [索取号:J321/7] | 在馆 | |
| 14 | 2001124177 | 2001124177 | 东辅楼二楼书库/ [索取号:J321/7] | 在馆 | |
| 15 | 2001124178 | 2001124178 | 东辅楼二楼书库/ [索取号:J321/7] | 在馆 | |
| 16 | 2001124179 | 2001124179 | 东辅楼二楼书库/ [索取号:J321/7] | 在馆 | |
| 17 | 2001124180 | 2001124180 | 东辅楼二楼书库/ [索取号:J321/7] | 在馆 | |
| 18 | 2001124181 | 2001124181 | 东辅楼二楼书库/ [索取号:J321/7] | 在馆 | |
| 19 | 2001124182 | 2001124182 | 东辅楼二楼书库/ [索取号:J321/7] | 在馆 | |
| 20 | 2001124183 | 2001124183 | 东辅楼二楼书库/ [索取号:J321/7] | 在馆 | |
| 21 | 2001124184 | 2001124184 | 东辅楼二楼书库/ [索取号:J321/7] | 在馆 | |
| 22 | 2001124185 | 2001124185 | 东辅楼二楼书库/ [索取号:J321/7] | 在馆 | |
| 23 | 2001124186 | 2001124186 | 东辅楼二楼书库/ [索取号:J321/7] | 在馆 | |
| 24 | 2001124187 | 2001124187 | 东辅楼二楼书库/ [索取号:J321/7] | 在馆 | |
| 25 | 2001124188 | 2001124188 | 东辅楼二楼书库/ [索取号:J321/7] | 在馆 | |
| 26 | 2001124189 | 2001124189 | 东辅楼二楼书库/ [索取号:J321/7] | 在馆 | |
| 27 | 2001124190 | 2001124190 | 东辅楼二楼书库/ [索取号:J321/7] | 在馆 | |
| 28 | 2001124191 | 2001124191 | 东辅楼二楼书库/ [索取号:J321/7] | 在馆 | |
| 29 | 2001124192 | 2001124192 | 东辅楼二楼书库/ [索取号:J321/7] | 在馆 | |
| 30 | 2001124193 | 2001124193 | 东辅楼二楼书库/ [索取号:J321/7] | 在馆 |